Posibilidades de desarrollo de la industria de fertilizantes en Centroamérica

Gorde:
Xehetasun bibliografikoak
Egile nagusia: Guerra Borges, Alfredo
Formatua: Texto
Argitaratua: s.n.t. :
Gaiak:
Etiketak: Etiketa erantsi
Etiketarik gabe, Izan zaitez lehena erregistro honi etiketa jartzen!

MARC

LEADER 00000 a a2200000 04500
001 15885
003
040
090 |a 015100  
100 |a Guerra Borges, Alfredo  
245 |a Posibilidades de desarrollo de la industria de fertilizantes en Centroamérica  
260 |a s.n.t. :  
300 |a 5 p.  
650 |a INDUSTRIA DE ABONOS Y FERTILIZANTES  
999 |c 14022  |d 14022